Estadísticas para Lenguas Romances

Haz click aquí para intentar la prueba.

Estadísticas generales

  • Esta prueba ha sido intentada 3.511 veces
  • La puntuación promedio es 5 de 6

Estadísticas de respuestas

# de hablantesLanguaje% Correcto
405 millonesEspañol
99%
75 millonesFrancés
98%
59 millonesItaliano
98%
215 millonesPortugués
92%
24 millonesRumano
74%
4.1 millonesCatalán
69%

Distribución de puntuación

Porcentaje por número respondido

Porcentaje de gente con cada puntuación

Historial de tus puntuaciones

No has intentado esta prueba.